Estudio sobre "Historias de Tata Mundo" de Fabian Dobles

Na minha lista:
Detalhes bibliográficos
Autor principal: Moya Portuguez, Boris y Bustabad Ugalde, Ana
Formato: Livro
Idioma:Undetermined
Publicado em: San José, Costa Rica Escuela de Filología, Lingüística y Literatura 1977
Assuntos:
Tags: Adicionar Tag
Sem tags, seja o primeiro a adicionar uma tag!

MARC

LEADER 00000nam a2200000Ia 4500
008 170316s9999 xx 000 0 und d
040 |a cru BVZT 
090 |a TESIS 77 
100 |a Moya Portuguez, Boris y Bustabad Ugalde, Ana 
245 |a Estudio sobre "Historias de Tata Mundo" de Fabian Dobles 
260 |a San José, Costa Rica 
260 |b Escuela de Filología, Lingüística y Literatura 
260 |c 1977 
300 |a 284 páginas 
650 |a LICENCIATURA EN FILOLOGÍA ESPAÑOLA 
650 |a TRABAJO FINAL DE GRADUACIÓN 
999 |c 14433  |d 14433 
942 |c TFG  |h TESIS 77  |2 z